000 00719nam a2200205Ia 4500
005 20260114155002.0
008 008 250103s9999 xx 000 0 eng d
037 _aTheses
040 _aCRL
_beng
_cCRL
041 _aeng
_2eng
084 _qCRL
100 _aDangi Kapil Au.
_9869355
245 0 _aRole of Nitrosative Stress in Targeting Autophagy Elucidating Signaling Pathways Induced by Combinatorial Therapy of Gambogic Acid-Carboplatin in Breast Cancer
260 _aDelhi
_bUniversity of Delhi. Faculty of Science. Deptt. of Zoology
_c2024
300 _a183p.
650 _aZoology
_9869356
700 _a Singh Indrakant K. Gu. Verma Anita Kamra Gu.
_9869357
942 _cTH
999 _c1469495
_d1469495